00707nam a2200241 a 4500001001300000003000900013005001700022008004100039020001000080082001600090100001600106245005200122260004200174300000800216500003500224505002500259650001800284700001600302902000800318942000700326952011700333999001500450nice12345678IN_TiNIC20260116012653.0050524s1973 cana grp 000 0 eng  ac10000a220.9bHOR1 aHorton, A E aThrough the Agesb an Outline of Bible History. aCanadabEvery Day Publications c1973 a63p aincludes index and biblioraphy2 aBibliograpphy, Index aBible-History1 aHorton, A E bSRS cBK 001040708StackRoom-aHMIbHMId2007-06-18g100.00l0o220.9 HOR1p010529r2007-06-18v100.00w2005-05-24yBK c7878d7878